[Event "Tenerife-chT Primera"]
[Site "Tenerife"]
[Date "2021.03.13"]
[Round "3.1"]
[White "Gonzalez Isac, Alberto"]
[Black "Remon Garcia, Jose Domingo"]
[Result "1-0"]
[WhiteElo "1915"]
[BlackElo "1891"]
[PlyCount "63"]
[EventDate "2021.02.27"]
[EventType "team-tourn"]
[EventRounds "14"]
[EventCountry "ESP"]
[SourceTitle "EXT 2023"]
[Source "ChessBase"]
[SourceDate "2022.10.05"]
[SourceVersion "1"]
[SourceVersionDate "2022.10.05"]
[SourceQuality "1"]
[WhiteTeam "Circulo de Amistad XII Enero"]
[BlackTeam "Al Shah Mat Los Realejos II"]
[WhiteTeamCountry "ESP"]
[BlackTeamCountry "ESP"]

1. d4 d5 2. Bf4 c5 3. e3 Nc6 4. c3 Bf5 5. Nd2 Qb6 6. Qc1 cxd4 7. exd4 e6 8. Ngf3 Be7 9. Be2 h6 10. 0-0 Nf6 11. Ne5 0-0 12. Ndf3 Qd8 13. Nxc6 bxc6 14. Ne5 Qb6 15. g4 Bh7 16. h4 Rfd8 17. g5 hxg5 18. Bxg5 Bf5 19. Kh1 c5 20. Qe3 cxd4 21. cxd4 Rac8 22. Rac1 Kf8 23. Bxf6 Bxf6 24. Rxc8 Bxe5 25. Rxd8+ Qxd8 26. Qxe5 Qxh4+ 27. Kg1 Qg5+ 28. Qg3 Qd2 29. Qe3 Qxb2 30. a3 Kg8 31. Bd3 Bg4 32. Rb1 1-0

[Event "Tenerife-chT Primera 1920"]
[Site "Tenerife "]
[Date "2020.01.25"]
[Round "5.2"]
[White "Gonzalez Isac, Alberto"]
[Black "Diaz Reyes, Franklin"]
[Result "1/2-1/2"]
[WhiteElo "1924"]
[BlackElo "1779"]
[PlyCount "64"]
[EventDate "2019.11.30"]
[EventType "team-tourn"]
[EventRounds "14"]
[EventCountry "ESP"]
[SourceTitle "CBM 195 Extra"]
[Source "ChessBase"]
[SourceDate "2020.05.31"]
[SourceVersion "1"]
[SourceVersionDate "2020.05.31"]
[SourceQuality "1"]
[WhiteTeam "Circulo de Amistad XII Enero"]
[BlackTeam "Fundacion La Caja de Canarias II"]
[WhiteTeamCountry "ESP"]
[BlackTeamCountry "ESP"]

1. d4 d5 2. Bf4 e6 3. e3 c5 4. c3 Nf6 5. Nd2 Bd6 6. Bg3 0-0 7. Bd3 Nc6 8. Ngf3 Qe7 9. Ne5 cxd4 10. exd4 Nd7 11. f4 f6 12. Nxd7 Bxd7 13. Qb3 Be8 14. 0-0 Bf7 15. Rae1 Qc7 16. Qc2 g6 17. Rf3 Rac8 18. Qb1 e5 19. fxe5 fxe5 20. Rf6 Rcd8 21. dxe5 Bxe5 22. Bxe5 Nxe5 23. h3 Rd6 24. Rf2 Nxd3 25. Qxd3 Qb6 26. Nb3 Rf6 27. Ree2 Rxf2 28. Rxf2 Be6 29. Qd4 Qxd4 30. Nxd4 Rxf2 31. Kxf2 Bd7 32. Ke3 Kf7 1/2-1/2

[Event "Tenerife-chT Primera 1920"]
[Site "Tenerife "]
[Date "2019.11.30"]
[Round "1.2"]
[White "Martin Jorge, Daniel"]
[Black "Gonzalez Isac, Alberto"]
[Result "1/2-1/2"]
[WhiteElo "1845"]
[BlackElo "1924"]
[PlyCount "40"]
[EventDate "2019.11.30"]
[EventType "team-tourn"]
[EventRounds "14"]
[EventCountry "ESP"]
[SourceTitle "CBM 195 Extra"]
[Source "ChessBase"]
[SourceDate "2020.05.31"]
[SourceVersion "1"]
[SourceVersionDate "2020.05.31"]
[SourceQuality "1"]
[WhiteTeam "Ciberjaque Universidad"]
[BlackTeam "Circulo de Amistad XII Enero"]
[WhiteTeamCountry "ESP"]
[BlackTeamCountry "ESP"]

1. e4 c6 2. d4 d5 3. Nd2 dxe4 4. Nxe4 Bf5 5. Ng3 Bg6 6. Nf3 Nd7 7. Bd3 e6 8. h4 Ngf6 9. Bg5 Be7 10. h5 Bxd3 11. Qxd3 h6 12. Bd2 Qb6 13. 0-0-0 0-0-0 14. Ne4 Rhe8 15. c4 c5 16. Be3 Nxe4 17. Qxe4 Qa6 18. Kb1 Qa4 19. Rc1 Qa6 20. dxc5 Bf6 1/2-1/2

[Event "Tenerife-chT Preferente 1819"]
[Site "Tenerife"]
[Date "2019.03.30"]
[Round "12.1"]
[White "Gonzalez Isac, Alberto"]
[Black "Mendivil Anton, Daniel"]
[Result "0-1"]
[WhiteElo "1925"]
[BlackElo "2207"]
[PlyCount "116"]
[EventDate "2018.11.24"]
[EventType "team-tourn"]
[EventRounds "14"]
[EventCountry "ESP"]
[SourceTitle "CBM 189 Extra"]
[Source "ChessBase"]
[SourceDate "2019.05.31"]
[SourceVersion "1"]
[SourceVersionDate "2019.05.31"]
[SourceQuality "1"]
[WhiteTeam "Circulo de Amistad"]
[BlackTeam "Al Shah Mat Los Realejos"]
[WhiteTeamCountry "ESP"]
[BlackTeamCountry "ESP"]

1. d4 f5 2. Nf3 Nf6 3. c4 d6 4. Nc3 g6 5. g3 Bg7 6. Bg2 0-0 7. 0-0 c6 8. Rb1 Kh8 9. h4 Qe8 10. d5 Na6 11. b4 c5 12. bxc5 Nxc5 13. Nb5 Qd8 14. Bb2 a6 15. Nbd4 h6 16. Nd2 Bd7 17. Bc3 Rc8 18. Ba1 Qe8 19. Rb4 Ng4 20. N4f3 b5 21. Bxg7+ Kxg7 22. cxb5 axb5 23. Ne1 Kh7 24. Qb1 Na6 25. Rb3 b4 26. Nc2 Ba4 27. Rb2 Bxc2 28. Rxc2 Qb5 29. Nb3 Qb6 30. e3 Ne5 31. Rfc1 Rb8 32. Nd4 Nc5 33. Bf1 Qb7 34. Bg2 Rf7 35. Ne6 Ned3 36. Rd1 Qa7 37. h5 b3 38. hxg6+ Kxg6 39. axb3 Rxb3 40. Qa2 Qxa2 41. Rxa2 Nxe6 42. dxe6 Rg7 43. Ra5 Nc5 44. Bd5 Rb2 45. Ra8 Kg5 46. Kg2 Rg6 47. Re8 Rg7 48. Kf3 Na4 49. Rc1 Rd2 50. e4 Nc5 51. Ke3 Rd3+ 52. Ke2 fxe4 53. Bxe4 Ra3 54. Bd5 Na4 55. Kd2 Nc5 56. Ke2 Na4 57. Kf1 Nc3 58. Rd1 Nxd1 0-1

[Event "Tenerife-chT Preferente 1819"]
[Site "Tenerife"]
[Date "2019.01.26"]
[Round "6.2"]
[White "Schneider Sanchez, Carlos Domingo"]
[Black "Gonzalez Isac, Alberto"]
[Result "1/2-1/2"]
[WhiteElo "1978"]
[BlackElo "1925"]
[PlyCount "95"]
[EventDate "2018.11.24"]
[EventType "team-tourn"]
[EventRounds "14"]
[EventCountry "ESP"]
[SourceTitle "CBM 189 Extra"]
[Source "ChessBase"]
[SourceDate "2019.05.31"]
[SourceVersion "1"]
[SourceVersionDate "2019.05.31"]
[SourceQuality "1"]
[WhiteTeam "Rey Ahogado"]
[BlackTeam "Circulo de Amistad"]
[WhiteTeamCountry "ESP"]
[BlackTeamCountry "ESP"]

1. c4 Nf6 2. Nf3 c5 3. g3 Nc6 4. Bg2 g6 5. 0-0 Bg7 6. d4 cxd4 7. Nxd4 Qb6 8. Nc2 0-0 9. Nc3 d6 10. Rb1 Be6 11. Nd5 Bxd5 12. cxd5 Ne5 13. Ne3 Rac8 14. Bd2 Nc4 15. Nxc4 Rxc4 16. b3 Rc7 17. a4 Qd4 18. Be3 Qxd1 19. Rfxd1 Nd7 20. Bh3 f5 21. g4 f4 22. Bd4 Bxd4 23. Rxd4 g5 24. Bg2 Ne5 25. Bf3 Rc3 26. Rb4 b6 27. a5 Rb8 28. Kg2 Nxf3 29. exf3 Rc5 30. Re1 Kf7 31. Rbe4 Rb7 32. axb6 Rxd5 33. bxa7 Rxa7 34. h4 h6 35. Rh1 Rb5 36. hxg5 hxg5 37. Rh7+ Kf6 38. Rh6+ Kf7 39. Rh7+ Kf6 40. Rh5 Kf7 41. Rxf4+ Kg6 42. Rf8 Raa5 43. Rhh8 Rxb3 44. Rhg8+ Kh7 45. Rh8+ Kg6 46. Rhg8+ Kh7 47. Rh8+ Kg6 48. Rhg8+ 1/2-1/2